| 000 | 00448pab a2200169 454500 | ||
|---|---|---|---|
| 008 | 180718b2010 xxu||||| |||| 00| 0 eng d | ||
| 100 | _aPandit, P. Vijayalakshmi | ||
| 245 | _aExpanding the scope of open distance learning development in India | ||
| 260 | _c2010 | ||
| 300 | _ap.8-12. | ||
| 362 | _a6 Sep | ||
| 650 | _aDistance education - India | ||
| 650 | _aDistance education | ||
| 773 | _aUniversity News | ||
| 908 | _aN | ||
| 909 | _a87965 | ||
| 999 |
_c87965 _d87965 |
||